logo

Bir Sreshtho Munshi Abdur Rouf Library
Jhenaidah Cadet College

The Peacock Camping Book / (Record no. 8451)

MARC details
000 -LEADER
fixed length control field 00561nam a2200229 a 4500
001 - CONTROL NUMBER
JCCL Control Number 8451
003 - CONTROL NUMBER IDENTIFIER
JCCL marc code BD-JhCC
005 - DATE AND TIME OF LATEST TRANSACTION
control field 20180224192421.0
008 - FIXED-LENGTH DATA ELEMENTS--GENERAL INFORMATION
fixed length control field 180224b1960 u |||| ||a| 000 0 eng d
035 ## - SYSTEM CONTROL NUMBER
system control number (BD-JhCC) 8451
040 ## - CATALOGING SOURCE
Original cataloging agency BD-JhCC
Modifying agency BD-JhCC
041 ## - LANGUAGE CODE
Language code of Book eng
082 ## - DEWEY DECIMAL CLASSIFICATION NUMBER
Classification number 796.54
Author mark and Year HAZ 1960
100 ## - MAIN ENTRY--PERSONAL NAME
Personal name Hazlewood, Rex
245 ## - TITLE STATEMENT
Title The Peacock Camping Book /
Statement of responsibility, etc Rex Hazlewood
260 ## - PUBLICATION, DISTRIBUTION, ETC. (IMPRINT)
Place of publication, distribution, etc America :
Name of publisher, distributor, etc Penguin Books ,
Date of publication, distribution, etc 1960
300 ## - PHYSICAL DESCRIPTION
Pagination 207 p .:
Dimensions 17 cm .
650 ## - SUBJECT ADDED ENTRY--TOPICAL TERM
Topical term or geographic name as entry element Caping
700 ## - ADDED ENTRY--PERSONAL NAME
Personal name Jojhn Thurman
942 ## - ADDED ENTRY ELEMENTS (KOHA)
Source of classification or shelving scheme Dewey Decimal Classification
Koha item type Books
Holdings
Source of classification or shelving scheme Damaged status Not for loan Home library Current library Shelving location Date of accession Total Checkouts Full call number Barcode Date last seen Copy number Koha item type
Dewey Decimal Classification     JCC Rouf Library JCC Rouf Library General Stacks 02/24/2018   796.54 HAZ 1960 10668 02/24/2018 C-1 Books

JCC Library | Contacts | JCC Home

Last Update on 23 September 2017
Copyright @ 2017-2020 JCC Rouf Library
Rouf Library, Jhenidah Cadet College (JCC), Bangladesh